| 000 | 00522nam a2200181Ia 4500 | ||
|---|---|---|---|
| 001 | 45311 | ||
| 008 | 140428s9999 xx 000 0 und d | ||
| 020 | _aNA | ||
| 040 | _cPK-LaUMT | ||
| 082 |
_aRHC 891.554 _bMAQ- |
||
| 100 | _aMazhar Mahmood Shairani | ||
| 245 |
_aMaqalaat-e-Hafiz Mahmood Shairani (Persian _bFardoosi se matallaq mazameen _cMazhar Mahmood Shairani |
||
| 260 |
_aLahore,Pakistan: _bMajlas-e-Taraqi Adab, _c1968 |
||
| 300 | _a510 p. | ||
| 546 | _aPersian | ||
| 650 | _aPersian literature | ||
| 942 | _cBK | ||
| 999 |
_c43279 _d43279 |
||